EG retail (Record no. 77797)

MARC details
000 -LEADER
fixed length control field 00902cab a2200193 4500
001 - CONTROL NUMBER
control field ##L135132
008 - FIXED-LENGTH DATA ELEMENTS--GENERAL INFORMATION
fixed length control field 060926n2006 000 0 eng u
035 ## - SYSTEM CONTROL NUMBER
System control number (Sirsi) u135132
041 0# - LANGUAGE CODE
Language code of text/sound track or separate title eng
245 00 - TITLE STATEMENT
Title EG retail
260 ## - PUBLICATION, DISTRIBUTION, ETC.
Date of publication, distribution, etc. 2006
490 #0 - SERIES STATEMENT
Series statement Estates Gazette
Volume/sequential designation Supplement (0638) 23 September 2006 (66) (LOAN)
520 ## - SUMMARY, ETC.
Summary, etc. A supplement which examines various aspects of the retail market internationally. Includes discussion on German retailers' failure to capitalise on the World Cup; UK retailers' expansion into Europe; the arrival of US company Whole Foods Market in the UK; retail investment in Europe; Grosvenor Group's search for opportunities in the retail sector; and potential take-overs among retail agents.
590 ## - LOCAL NOTE (RLIN)
Local note IKA031006
651 #4 - SUBJECT ADDED ENTRY--GEOGRAPHIC NAME
Geographic name International
690 ## - LOCAL SUBJECT ADDED ENTRY--TOPICAL TERM (OCLC, RLIN)
Topical term or geographic name as entry element PROPERTY-COMMERCIAL PROPERTY-RETAIL PROPERTY
700 1# - ADDED ENTRY--PERSONAL NAME
Personal name Kivlehan, Noella Pio
Relator term Editor
942 ## - ADDED ENTRY ELEMENTS (KOHA)
Suppress in OPAC 0
Holdings
Withdrawn status Lost status Source of classification or shelving scheme Damaged status Not for loan Home library Current library Shelving location Date acquired Total Checkouts Full call number Barcode Date last seen Copy number Price effective from Koha item type
    Dewey Decimal Classification     London London Journal article 26/09/2006   L135132 30072369 06/08/2019 1 06/08/2019 Journal article